|
|
|
|
| LEADER |
00000ny a22000003n 4500 |
| 005 |
20110517134135.0 |
| 008 |
050120c19uu9999lu er p 0spa d |
| 022 |
|
|
|a 1028-6802
|
| 035 |
|
|
|a 44
|
| 040 |
|
|
|a UM
|d vLex
|
| 090 |
|
|
|c 2031
|d 2031
|
| 130 |
0 |
|
|a CORDIS focus (Ed. espaǫla)
|
| 245 |
0 |
0 |
|a CORDIS focus
|h [Recurso electrn̤ico]
|
| 256 |
|
|
|a Servicio en ln̕ea
|
| 260 |
|
|
|a Luxemburgo :
|b Oficina de Publicaciones Oficiales de las Comunidades Europeas
|
| 310 |
|
|
|a Bimensual
|
| 546 |
|
|
|a Se edita tambiň en inglš
|
| 650 |
0 |
4 |
|a Investigacin̤
|z Pas̕es de la Unin̤ Europea
|x Publicaciones perid̤icas
|
| 650 |
0 |
4 |
|a Unin̤ Europea
|x Publicaciones perid̤icas
|
| 740 |
0 |
|
|a vLex Revista (Servicios en ln̕ea)
|
| 843 |
|
|
|a Electrn̤ica. Cerrada
|
| 853 |
|
|
|8 1
|i (year)
|j (month)
|k (day)
|
| 856 |
4 |
0 |
|z Acceso restringido
|u http://vlex.com/source/manual-practico-laboral-44
|
| 942 |
|
|
|c REV
|